| 000 | 00340nam a2200121Ia 4500 | ||
|---|---|---|---|
| 008 | 231129s1966||||xx |||||||||||||| ||spa|| | ||
| 082 | _aHAJ- 0487 | ||
| 100 | _aRengifo M. Luis íngel | ||
| 245 | 0 | _aLa proporción armónica en la esatuaria agustiniana | |
| 260 | _c1966 | ||
| 264 | _aBogotá: Imprenta Nacional 1966 | ||
| 942 |
_2ddc _cBKS |
||
| 999 |
_c18009 _d18009 |
||